01398nam a2200265 a 450000100060000000300080000600500170001400800410003103500190007204000270009104100090011808200290012710000640015624501940022026001110041430000580052565000450058365000280062870000840065670000750074094200120081599900170082795201450084495201430098941022BD-RjUL20211209053320.0160514s1960 ii ||||| |||| 00| 0 ben d a(BD-RjUL)41138 aBD-RjULbben cBD-RjUL aben  223 a891.441 bGAD 1960  aগাঙ্গুলি, মানিকরাম 912623510aধর্মমঙ্গল / cমানিকরাম গাঙ্গুলি ; বিজিতকুমার দত্ত, সুনন্দা দত্ত সম্পাদিত  aকলিকাতা :bকলিকাতা বিশ্ববিদ্যালয়, c১৯৬০  a[১৪], ৬৬৫ পৃ. ; c২১ সেমি.  aবাংলা কবিতা 9126236 aBengali Poetry 9126237 aদত্ত, বিজিতকুমার, সম্পাদিত 9126238 aদত্ত, সুনন্দা, সম্পাদিত 9126239 2ddccBK c41022d41022 00102ddc40718NFICaRUCLbRUCLcReadingd1962-11-22eKamala Bookg12.00l0oB 891.441 GAD 1960r2016-05-14 00:00:00tC-1w2016-05-14yBK 00102ddc40708NFICaRUCLbRUCLcStackd1962-01-22eKomola Bookg12.00l0oB 891.441 GAD 1960r2016-11-05 00:00:00tC-3w2016-11-05yBK